01063nam a22001937a 4500003000400000005001700004008004100021020001800062040001500080100004100095245009200136250001100228260003600239300001100275490009200286520040400378650004300782700004400825OSt20230711144619.0230705s2016 ag ||||| |||| 00| 1 spa d a9789500437899 bspacbesoc1 aPhillpotts, Edend(1862-1960)eautor10aUna voz en la oscuridad /cEden Phillpotts ; traducción de Lucrecia Moreno de Sáenz a1a ed. aBuenos Aires :bEmecé, c2016 a300 p. aEl séptimo círculo / colección creada por Jorge Luis Borges y Adolfo Bioy Casares aEl honorable Ludovic Bewes es un niño de trece años, frágil, doliente y delicado, que no representa su edad. Heredará la vasta propiedad de Brooke-Norton y el título de Lord Brooke. Sufre de pesadillas y de terreros nocturnos; un grito o una brusca racha de viento lo hacen palidecer. Muere de meningitis. En un dormitorio vecino se encuentra una especie de máscara... [Nota del editor]. 4aLiteratura inglesavNovelas ySiglo XX aMoreno de Sáenz, Lucrecia etraductor